000 00572nam a22001817a 4500
003 URS
005 20251105101911.0
008 251105b |||||||| |||| 00| 0 eng d
040 _cURS
100 _aHeith, Diane J.
_eAuthor
245 _aNegotiating Unilateralism in the executive branch:
_bA review essay
_cDiane J. Heith
300 _apages 773-778
336 _2rdacontent
_atext
_btxt
337 _2rdamedia
_aunmediated
_bn
338 _2rdacarrier
_avolume
_bnc
773 0 _07583
_993158
_oPIL-00323195.137.4
_tPolitical science quarterly:
_x00323195
942 _2ddc
_cCR
999 _c88668
_d88665